Exploring Gender : (Record no. 29906)

MARC details
000 -LEADER
fixed length control field 00716nam a2200241 i 4500
001 - CONTROL NUMBER
control field C2-0115494
003 - CONTROL NUMBER IDENTIFIER
control field PPAK
005 - DATE AND TIME OF LATEST TRANSACTION
control field 20180727105229.0
008 - FIXED-LENGTH DATA ELEMENTS--GENERAL INFORMATION
fixed length control field 970716s1994 nyu |||| ||||| | eng d
020 ## - INTERNATIONAL STANDARD BOOK NUMBER
International Standard Book Number 0130425249
040 ## - CATALOGING SOURCE
Original cataloging agency PPAK
Language of cataloging eng
Transcribing agency PPAK
Description conventions rda
082 04 - DEWEY DECIMAL CLASSIFICATION NUMBER
Classification number 428.007
Edition number 23
090 00 - LOCALLY ASSIGNED LC-TYPE CALL NUMBER (OCLC); LOCAL CALL NUMBER (RLIN)
Classification number (OCLC) (R) ; Classification number, CALL (RLIN) (NR) 428.007
Feature heading EXP
Feature heading G
245 00 - TITLE STATEMENT
Title Exploring Gender :
Remainder of title Question and implications for english language education
250 ## - EDITION STATEMENT
Edition statement Sunderland, Jane
264 #1 - PRODUCTION, PUBLICATION, DISTRIBUTION, MANUFACTURE, AND COPYRIGHT NOTICE
Place of production, publication, distribution, manufacture New York :
Name of producer, publisher, distributor, manufacturer Prentice Hall ,
Date of production, publication, distribution, manufacture, or copyright notice 1994
300 ## - PHYSICAL DESCRIPTION
Extent viii, 232 pages ;
Dimensions 24 cm
336 ## - CONTENT TYPE
Source rdacontent
Content type term text
337 ## - MEDIA TYPE
Source rdamedia
Media type term unmediated
338 ## - CARRIER TYPE
Source rdacarrier
Carrier type term volume
650 10 - SUBJECT ADDED ENTRY--TOPICAL TERM
Topical term or geographic name entry element English language-study and teaching-social aspects
942 ## - ADDED ENTRY ELEMENTS (KOHA)
-- dc
Koha item type Book
Holdings
Withdrawn Not for loan Current library Shelving location Date acquired Full call number Barcode Date last seen Koha item type
    Perpustakaan Alor Setar Pinjaman Dewasa 16/07/1997 428.007 EXP A00010441 08/05/2018 Book
    Perpustakaan Awam Sungai Petani Pinjaman Dewasa 07/03/2004 428.007 EXP A00010442 08/05/2018 Book
    Perpustakaan Jitra Pinjaman Dewasa 26/01/2004 428.007 EXP A00010443 08/05/2018 Book
    Perpustakaan Kulim Pinjaman Dewasa 17/01/2006 428.007 EXP A00010445 08/05/2018 Book